VIA VERITÀ E VITA. MAGGIO GIUGNO 1999. RIVISTA MONOGRAFICA APPROFONDIMENTO PASTORALE CATECHISTICO. (Record n. 332276)

Dettagli MARC
000 -LEADER
fixed length control field 01930nas a2200277Ia 4500
001 - CONTROL NUMBER
control field R050-S3690
003 - CONTROL NUMBER IDENTIFIER
control field IT-CnALBA
008 - FIXED-LENGTH DATA ELEMENTS--GENERAL INFORMATION
fixed length control field 170116c99999999xx |||||||||||| ||und||
040 ## - CATALOGING SOURCE
Original cataloging agency IT-CnALBA
Transcribing agency IT-CnALBA
041 ## - LANGUAGE CODE
Language code of text/sound track or separate title ITALIANO
999 ## - SYSTEM CONTROL NUMBERS (KOHA)
Koha Dewey Subclass [OBSOLETE] NO
100 ## - MAIN ENTRY--PERSONAL NAME
Personal name TETI GIOVANNA
210 ## - ABBREVIATED TITLE
Abbreviated title VIA VERITÀ E VITA
222 ## - KEY TITLE
Key title VIA VERITÀ E VITA
245 #0 - TITLE STATEMENT
Title VIA VERITÀ E VITA. MAGGIO GIUGNO 1999. RIVISTA MONOGRAFICA APPROFONDIMENTO PASTORALE CATECHISTICO.
250 ## - EDITION STATEMENT
Edition statement 1a ed.
260 ## - PUBLICATION, DISTRIBUTION, ETC. (IMPRINT)
Place of publication, distribution, etc. ROMA
Name of publisher, distributor, etc. CENTRO CATECHISTICO PAOLINO
Date of publication, distribution, etc. 1999 [1° Ed.:1999 - Ed.Ling.Originale: 1999]
300 ## - PHYSICAL DESCRIPTION
Extent 80 p.
310 ## - CURRENT PUBLICATION FREQUENCY
Current publication frequency BIMESTRALE
362 ## - DATES OF PUBLICATION AND/OR SEQUENTIAL DESIGNATION
Dates of publication and/or sequential designation Fascicolo: 173 / Anno: 48 (1999)
500 ## - GENERAL NOTE
General note CATECHESI E MORALE, TUTTO PER AMORE. AMORE FONDAMENTO EDUCAZIONE MORALE. SITUAZIONE DI FATTO. QUELLA EDUCAZIONE MORALE. MAGGIONI B. MORALE NEL VANGELO. FONDAMENTO TEOLOGICO, MAJORANO S. CATECHESI. MURARO G. RUSPI W. IL CRISTIANO ADULTO. DOMANDE GIOVANI E DINTORNI. LASCONI T. CRISTIANO ADULTO. DOMANDE OGGI E DINTORNI. LASCONI T. IN COMPAGNIA. LA VITA DELLE PERSONE CON DISABILITA'. PADRI. PREGHIERE EUCARISTICHE. RICONCILIAZIONE. BEATITUDINI. IMPEGNO POLITICO SERVIZIO A DIO E PERSONA. BERHARD HARING. INFORMAZIONE.
501 ## - WITH NOTE
With note Società San Paolo EM - Piazza San Paolo, 14 - 12051 ALBA (CN) (non commercial uses only) ® Copyright 2017
520 ## - SUMMARY, ETC.
Summary, etc. CATECHESI E MORALE, TUTTO PER AMORE. AMORE FONDAMENTO EDUCAZIONE MORALE. SITUAZIONE DI FATTO. QUELLA EDUCAZIONE MORALE. MAGGIONI B. MORALE NEL VANGELO. FONDAMENTO TEOLOGICO, MAJORANO S. CATECHESI. MURARO G. RUSPI W. IL CRISTIANO ADULTO. DOMANDE GIOVANI E DINTORNI. LASCONI T. CRISTIANO ADULTO. DOMANDE OGGI E DINTORNI. LASCONI T. IN COMPAGNIA. LA VITA DELLE PERSONE CON DISABILITA'. PADRI. PREGHIERE EUCARISTICHE. RICONCILIAZIONE. BEATITUDINI. IMPEGNO POLITICO SERVIZIO A DIO E PERSONA. BERHARD HARING. INFORMAZIONE.
650 ## - SUBJECT ADDED ENTRY--TOPICAL TERM
Topical term or geographic name as entry element TEOLOGIA PASTORALE - CATECHESI
942 ## - ADDED ENTRY ELEMENTS (KOHA)
Koha item type RIVISTA
957 ## -
-- 1
999 ## - SYSTEM CONTROL NUMBERS (KOHA)
-- 1
Dati di copia
Withdrawn status Lost status Damaged status Not for loan Home library Current library Date acquired Total Checkouts Full call number Date last seen Price effective from Koha item type Public note
    Buone Condizioni Not For Loan ALBA - Biblioteca ALBA - Biblioteca 16/01/2017   R050-S3690 16/01/2017 16/01/2017 RIVISTA (data import: 16 gennaio 2017) - By Epidotti, Vaglietti.
CREDITS: SOCIETA' SAN PAOLO Via A.Severo, 58 - ROMA (RM) & PERIODICI SAN PAOLO SRL Via Giotto, 36 MILANO & CISF Via Giotto, 36 MILANO & EDIZIONI SAN PAOLO SRL,  Piazza Soncino, 5 CINISELLO BALSAMO (MI) -- ITALY